000 00266nam a2200097Ia 4500
008 120527s9999 xx 000 0 und d
100 _aDANIELS,Tom..et al.
245 _aThe environmental planning handbook for sustainable...
260 _bPlanners Press
942 _cBK
999 _c24103
_d24103